Statistiques concernant Quizlendrier de l'Avent #20 - Nommez un pays valide - Version Noël

Cliquez ici pour prendre le quiz!

Statistiques générales

  • Ce quiz a été pris 704 fois
  • Le résultat moyen est 11 sur 16

Statistiques - réponses

Nommez un pays...Pays% Correct
avec un territoire dans le cercle polaire arctiqueDanemark | Canada | Russie | Norvège | Etats-Unis | Finlande | Suède | Islande
89%
avec plus de 100 millions de ChrétiensEtats-Unis | Brésil | Mexique
89%
avec plus de 300 médailles aux Jeux Olympique d'hiverEtats-Unis | Norvège
87%
où l'on peut officiellement dire "Weihnachten" pour "Noël"Allemagne | Autriche | Belgique | Liechtenstein | Luxembourg | Suisse
85%
où Noël est interditSomalie | Arabie Saoudite | Corée du Nord | Tadjikistan | Brunei
84%
en Asie avec des rennes sauvagesRussie | Mongolie
82%
se revendiquant lieu de naissance du Père NoëlSuède | Etats-Unis | Norvège | Finlande | Canada | Turquie
81%
ayant des revendications territoriales en AntarctiqueNorvège | Chili | Royaume-Uni | Argentine | France | Australie | Nouvelle-Zélande
76%
avec plus de 200 cathédralesItalie | Brésil | Etats-Unis
75%
où Noël n'est pas férié, en AfriqueAlgérie | Comores | Maroc | Tunisie | Somalie
74%
ayant accueilli les Jeux Olympiques d'hiver avant la Seconde Guerre mondialeAllemagne | Etats-Unis | Suisse | France
72%
avec au moins 99% de ChrétiensVatican | Samoa | Arménie | Grenade | Guatemala | Roumanie | Timor Oriental
71%
avec une cheminée d'au moins 300 mètresKazakhstan | Canada | Etats-Unis | Russie | Espagne | Slovénie | Roumanie | Ouzbékistan
44%
où le gnome de Noël (Nisse) apporte les cadeaux aux enfantsSuède | Danemark | Norvège | Finlande
31%
à moins de 2000 km de l'île de Noël (île Christmas)Indonésie | Singapour | Malaisie | Thailande
26%
qui exporte plus de saumon que la NorvègeBirmanie
2%

Distribution des résultats

Percentile par nombre de réponses

% des personnes avec chaque résultat

Votre développement - résultats

Vous n’avez pas pris ce quiz